| 000 | 00412nam a2200169Ia 4500 | ||
|---|---|---|---|
| 005 | 20241028015033.0 | ||
| 008 | 240331s9999 xx 000 0 und d | ||
| 020 | _a9780380727506 | ||
| 082 |
_bBRY _a823 |
||
| 100 | _aBryson,B | ||
| 245 | 0 | _aNotes from a Small Island | |
| 260 |
_aAmerica _bTransworld Publishers Ltd _c1995 |
||
| 300 | _a324 p ., | ||
| 650 | _aCivilization | ||
| 650 | _aCulture | ||
| 942 | _cL | ||
| 999 |
_c5678 _d5678 |
||